Strategy! / A Business Unit Simulation: Second Edition (Record no. 3300)
[ view plain ]
| 000 -LEADER | |
|---|---|
| fixed length control field | 01556cam a22002054a 4500 |
| 005 - ΗΜΕΡΟΜΗΝΙΑ ΚΑΙ ΩΡΑ ΤΕΛΕΥΤΑΙΑΣ ΕΝΗΜΕΡΩΣΗΣ | |
| Πεδίο ελέγχου | 20250605164111.0 |
| 008 - FIXED-LENGTH DATA ELEMENTS--GENERAL INFORMATION | |
| Πεδίο ελέγχου σταθερού μήκους | 250528s ||||||||||||||||||||||||d |
| 035 ## - SYSTEM CONTROL NUMBER | |
| System control number | 17901 |
| 020 ## - ISBN | |
| ISBN | 53880775 |
| 040 ## - ΠΗΓΗ ΚΑΤΑΛΟΓΟΓΡΑΦΗΣΗΣ | |
| Φορέας πρωτότυπης καταλογογράφησης | MC Athens Campus Library |
| Γλώσσα καταλογογράφησης | Ελληνικά, Μοντέρνα (1453-) |
| Modifying agency | MC Athens Campus Library |
| Κανόνες περιγραφικής καταλογογράφησης | AACR2 |
| 245 1# - ΤΙΤΛΟΣ ΚΑΙ ΔΗΛΩΣΗ ΥΠΕΥΘΥΝΟΤΗΤΑΣ | |
| Τίτλος | Strategy! / A Business Unit Simulation: Second Edition |
| 250 ## - EDITION STATEMENT | |
| Edition statement | 2nd |
| 260 ## - PUBLICATION, DISTRIBUTION, ETC. | |
| Name of publisher, distributor, etc. | South-Western Publishing Co, |
| Date of publication, distribution, etc. | 1992 |
| 300 ## - PHYSICAL DESCRIPTION | |
| Extent | 182 |
| 520 ## - SUMMARY, ETC. | |
| Summary, etc. | This book challenges you to think beyond the daily operations of business to analyze and manage strategic business issues. Overview of this Manual, Quick Reference Guide, Introduction to Strategy, Concept of Strategy Simulation, The Decision Making Cycle, Importance of Organizing Your Team, Advice from Those Who Have Gone Before, Introduction to Industries, How to Read the Enviro Scan Reports, Inter-Industry Relationships, Cost of Creating SBUs in Each Industry, Your Management Team, Organizing Your Management Team, Managing Your Team Effectively, The Strategy Planner, Performance Evaluations, The Decision Disk, A Note about Disk Handling, Introduction to the Decision Disk, Description of Main Menu Items, Developing Portfolio-Level Strategies, Establishing a Corporate Mission, Strength and Weakness and Opportunity and Threat (SWOT) Analysis, Turnaround Strategies, Developing Portfolio-Level Strategies, Budgeting SBUS and Business-Level Strategies, The Budgeting Procedure, SBU Strategies, Cash Account Management, Appendices. |
| 700 1# - ΠΡΟΣΘΕΤΗ ΑΝΑΓΡΑΦΗ--ΦΥΣΙΚΟ ΠΡΟΣΩΠΟ | |
| Personal name | Priesmeyer Richard H |
| 9 (RLIN) | 4202 |
| 942 ## - ADDED ENTRY ELEMENTS (KOHA) | |
| Koha item type | Books |
| Τύπος τεκμηρίου | Βιβλιοθήκη | Τρέχουσα τοποθεσία | Barcode | Αριθμός εισαγωγής | Ημερομηνία απόκτησης | Ταξιθετικό σύμβολο | Αριθμός αντιτύπου | Κατάσταση απόσυρσης | Κατάσταση χαμένου | Κατάσταση κατεστραμμένου | Μη δανεισμός | Σύνολο δανεισμών | Ημερομηνία τελευταίας εμφάνισης | Η τιμή ισχύει από |
|---|---|---|---|---|---|---|---|---|---|---|---|---|---|---|
| Books | MC Athens Campus Library | MC Athens Campus Library | 9780000032997 | 1667 | 05/06/2025 | 658.4 PRI | 1 | 05/06/2025 | 05/06/2025 |